| 000 | 00431nam a2200157 i 4500 | ||
|---|---|---|---|
| 001 | 37935 | ||
| 003 | ES-MaACL | ||
| 005 | 20230906155652.0 | ||
| 007 | t| | ||
| 008 | 030224q19001999sp ||||1| spa d | ||
| 100 | 1 |
_aBurgos Jiménez, Alberto. _932665 |
|
| 245 | 1 | 0 |
_aAngelus / _cAlberto Burgos Jiménez. |
| 260 |
_aMérida : _b[s.n., _c19--?] ( _fImp. Ateneo Peninsular) |
||
| 300 |
_a108 p. ; _c18 cm. |
||
| 852 |
_aES-MaACL _jC-3556 |
||
| 999 |
_c37935 _d37935 |
||